Kurs metodov optimizacii
Na minha lista:
| Autor principal: | |
|---|---|
| Outros Autores: | , |
| Formato: | Livro |
| Idioma: | russo |
| Publicado em: |
Moskva
Nauka
1986
|
| Tags: |
Sem tags, seja o primeiro a adicionar uma tag!
|
MARC
| LEADER | 00000nam a2200000 4500 | ||
|---|---|---|---|
| 001 | c104322 | ||
| 005 | 20041019155131.6 | ||
| 041 | 0 | |a rus | |
| 044 | |a RU | ||
| 245 | 1 | 0 | |a Kurs metodov optimizacii |c Aleksej Grigor'jevič Sucharev, Aleksandr Vasil'jevič Timochov, Vjačeslav Vasil'jevič Fedorov |
| 264 | 1 | |a Moskva |b Nauka |c 1986 | |
| 300 | |a 323 s. | ||
| 100 | 1 | |a Sucharev, Aleksej Grigor'jevič | |
| 700 | 1 | |a Timochov, Aleksandr Vasil'jevič | |
| 700 | 1 | |a Fedorov, Vjačeslav Vasil'jevič | |